Statistieken voor Top 15 landen met Covid-19 sterfgevallen - 22 december 2021

Klik hier om de quiz te nemen!

Algemene statistieken

  • Deze quiz is 4 keer genomen
  • De gemiddelde score is 14 van 27

Antwoordstatistieken

land% Correct
Argentinië
100%
Brazilië
100%
Colombia
100%
Frankrijk
100%
India
100%
Italië
100%
Rusland
100%
Verenigde Staten
100%
Duitsland
67%
Iran
67%
Mexico
67%
Peru
67%
Verenigd Koninkrijk
67%
Armenië
33%
Bulgarije
33%
Georgië
33%
Hongarije
33%
Noord-Macedonië
33%
Oekraïne
33%
Roemenië
33%
Slovenië
33%
Slowakije
33%
Bosnië en Herzegovina
0%
Indonesië
0%
Kroatië
0%
Litouwen
0%
Tsjechië
0%

Scoreverdeling

Percentiel versus Aantal Correcte Antwoorden

Procent van Mensen met Elke Score

Uw Scoregeschiedenis

U heeft deze quiz nog niet genomen